ဦးနုပြည်ပြေးဘဝကဘာတွေဖြစ်ခဲ့သလဲ ဘာတွေလုပ်ခဲ့သလဲ / (Record no. 27100)

000 -LEADER
fixed length control field 01001nam a22001817a 4500
005 - DATE AND TIME OF LATEST TRANSACTION
control field 20241204150720.0
008 - FIXED-LENGTH DATA ELEMENTS--GENERAL INFORMATION
fixed length control field 230712b ||||| |||| 00| 0 eng d
040 ## - CATALOGING SOURCE
Transcribing agency SSBUL
082 ## - DEWEY DECIMAL CLASSIFICATION NUMBER
Edition number 23
Classification number ၃၂၀.၉၅၉၁ ရဲ
Item number ၁၆၀၉၁ (S-SAT)
100 ## - MAIN ENTRY--PERSONAL NAME
Personal name ရဲခေါင်ကျော်စွာ။
9 (RLIN) 27799
245 ## - TITLE STATEMENT
Title ဦးနုပြည်ပြေးဘဝကဘာတွေဖြစ်ခဲ့သလဲ ဘာတွေလုပ်ခဲ့သလဲ /
Statement of responsibility, etc. ရဲခေါင်ကျော်စွာ။
260 ## - PUBLICATION, DISTRIBUTION, ETC.
Place of publication, distribution, etc. ရန်ကုန် ၊
Name of publisher, distributor, etc. ကြေးမုံသတင်းစာတိုက်၊
Date of publication, distribution, etc. ၁၉၉၁။
300 ## - PHYSICAL DESCRIPTION
Extent ၈၁ စာမျက်နှာ၊
Dimensions ၂၃ စင်တီ။
500 ## - GENERAL NOTE
General note S-SAT: Dr. Sai Aung Tun Collection
650 ## - SUBJECT ADDED ENTRY--TOPICAL TERM
Topical term or geographic name entry element အတ္ထုပ္ပတ္တိ
Form subdivision နု၊ ဦး။
9 (RLIN) 27846
651 ## - SUBJECT ADDED ENTRY--GEOGRAPHIC NAME
Geographic name မြန်မာနိုင်ငံ
Form subdivision နိုင်ငံရေးနှင့်အစိုးရ။
9 (RLIN) 8876
942 ## - ADDED ENTRY ELEMENTS (KOHA)
Source of classification or shelving scheme
Koha item type Book (Short term)
Holdings
Withdrawn status Lost status Source of classification or shelving scheme Damaged status Not for loan Collection code Permanent Location Current Location Shelving location Date acquired Total Checkouts Full call number Barcode Date last seen Price effective from Koha item type Accession
          Special Collections Shan State Buddhist University Library Shan State Buddhist University Library Special Collection Shelves 12/07/2023   ၃၂၀.၉၅၉၁ ရဲ ၁၆၀၉၁ (S-SAT) MB000016091 12/07/2023 12/07/2023 Book (Short term) ၁၆၀၉၁ (S-SAT)

Library - 09407999929
Admin Office - 09407999979
Dean Office - 09250910768
Registrar Office - 09892297154
Email - [email protected]
Shan State Buddhist University, Phaya Phyu Taunggyi, Shan State, Myanmar.